Письма Думэр Поля Шиллингу М. Ф. /франц./

Доступно только в Электронных читальных залах Найти на картеНа карте
RUSMARC
00004383nac2a22003133x 450
001744099a4-c80e-471d-a8e2-746c000a83b3
00520211214210341.0
100##$a20211122l1914 k y0rusy50 ca
1010#$afre
$arus
102##$aRU
105##$ay z |||e|
1220#$ad19140526
2001#$aПисьма Думэр Поля Шиллингу М. Ф. /франц./
$j26 мая 1914
215##$a5 листов
251##$cДело
300##$aЗаголовок дела на папке: Письма Думэр Поля Шиллингу М. Ф.
300##$aВ деле имеются документы без дат
300##$aЧасть текста на французском языке
300##$aЛисты: 1 - конверт и конверт с маркой; 5 - чистый
300##$aРукописный и типографский текст
330##$aВходит в раздел описи: 3. Документы о научной и литературной деятельности барона Шиллинга М. Ф.. Письма разных лиц Шиллингу М. Ф.
461#0$1001ff9fc58f-089b-437b-980d-902343bc59d8
$12001
$aШиллинг Маврикий Фабианович, барон, секретарь русского посольства в Вене
$1251
$cФонд
$1852
$j813
462#0$1001665c067c-d934-4316-b9df-5bf0ad49190b
$12001
$aДела постоянного хранения. 1817-1917
$vД. 247
$1251
$cОпись
$1852
$j1
5171#$aПисьма Думэр Поля Шиллингу М. Ф.
600#1$aШиллинг
$bМ. Ф.
$cбарон
$gМаврикий Фабианович
600#1$aДумэр
$bП.
$gПоль
801#0$aRU
$bGA_RF
801#1$aRU
$bГлавНИВЦ
$c20211122
$2rusmarc
801#2$aRU
$bПБ им. Б.Н. Ельцина
$c20211214
$gRCR
$2rusmarc
852##$aГА РФ
$j247
937##$d171607790
$hГАРФ
035##$aRuPRLIB51062087
856##$uhttp://readingroom.main.prlib.ru/item.aspx?id_node=n171607790&mode=full
Формат отображения